期刊信息 |
| 索取号 |
A/MKSE
|
| 题名 |
马克思 恩格斯 列宁 斯大林著作、生平、事业研究
|
| 作者 |
中国人民大学书报资料中心
|
| 分册号 |
|
| 分册名 |
|
| 出版地 |
北京
|
| 出版者 |
人大书报资料中心
|
| 标准刊号 |
|
| 出版频率 |
月刊
|
| 中图法分类 |
A
|
| 主题词 |
马克思主义; 列宁主义; 毛泽东思想
|
| 电子资源 | |
| |
|
| 000 | 00769nas0 2200229 45 | |
| 001 | 0540867202 | |
| 005 | 20070718152801.25 | |
| 011 | @dCNY2.00(1993) | |
| 100 | @a20051110d km y0chiy0120 ea | |
| 101 | 0 | @achi |
| 102 | @aCN@b110000 | |
| 200 | 1 | @a马克思 恩格斯 列宁 斯大林著作、生平、事业研究@AMa Ke Si En Ge Si Lie Ning Si Da Lin Zhu Zuo、Sheng Ping、Shi Ye Yan Jiu@f中国人民大学书报资料中心@FZhong Guo Ren Min Da Xue Shu Bao Zi Liao Zhong Xin |
| 210 | @a北京@c人大书报资料中心 | |
| 300 | @a复印报刊资料 | |
| 326 | @a月刊 | |
| 606 | 0 | @a马克思主义 |
| 606 | 0 | @a列宁主义 |
| 606 | 0 | @a毛泽东思想 |
| 690 | @aA@v4 | |
| 711 | 0 | @a中国人民大学书报资料中心@AZhong Guo Ren Min Da Xue Shu Bao Zi Liao Zhong Xin |
| 801 | 0 | @aCN@bPFT@c20070718 |
| 905 | @aTJWY@dA@eMKSE | |
| 马克思 恩格斯 列宁 斯大林著作、生平、事业研究/中国人民大学书报资料中心.-北京:人大书报资料中心 |
| 复印报刊资料 |
| CNY2.00(1993) |
| ● |
| 相关链接: |
|
|
|
|